[Event "HUN-chT U18"]
[Site "Budapest"]
[Date "2019.10.26"]
[Round "1.4"]
[White "Oros, Mikhailo"]
[Black "Kovacsy, Barnabas"]
[Result "1/2-1/2"]
[WhiteElo "1704"]
[BlackElo "2093"]
[PlyCount "73"]
[EventDate "2019.10.26"]
[EventType "team-swiss"]
[EventRounds "7"]
[EventCountry "HUN"]
[SourceTitle "CBM 192 Extra"]
[Source "Chessbase"]
[SourceDate "2019.11.06"]
[SourceVersion "1"]
[SourceVersionDate "2019.11.06"]
[SourceQuality "1"]
[WhiteTeam "Nyiregyhaza VSC"]
[BlackTeam "Budapest MTK"]
[WhiteTeamCountry "HUN"]
[BlackTeamCountry "HUN"]

1. Nf3 Nf6 2. g3 g6 3. Bg2 Bg7 4. 0-0 0-0 5. c4 c5 6. d3 Nc6 7. Nc3 d5 8. cxd5 Nxd5 9. Bd2 b6 10. Nxd5 Qxd5 11. Ne5 Qxe5 12. Bxc6 Bh3 13. Bxa8 Bxf1 14. Kxf1 Rxa8 15. Bc3 Qd5 16. Kg1 Bxc3 17. bxc3 Rd8 18. c4 Qd4 19. Rb1 h5 20. h4 e5 21. Qc2 Kg7 22. Qb2 Qd6 23. Qa3 Rd7 24. Qc3 f6 25. a4 g5 26. hxg5 fxg5 27. Qd2 Qf6 28. Qe3 Rd4 29. a5 Kg6 30. axb6 axb6 31. Ra1 h4 32. Ra8 Qe6 33. Rh8 Rg4 34. Qf3 hxg3 35. fxg3 Qd7 36. Rg8+ Kh7 37. Rf8 1/2-1/2